| 000 | 00721nam a2200229 a 4500 | ||
|---|---|---|---|
| 999 |
_c2162 _d2162 |
||
| 001 | 2162 | ||
| 003 | BD-JhCC | ||
| 005 | 20171031123519.0 | ||
| 008 | 171030s2014 bg a|||| ||a| 000 0 ben d | ||
| 020 | _a9847010503546 | ||
| 035 | _a(BD-JhCC)2162 | ||
| 040 |
_aBD-JhCC _dBD-JhCC |
||
| 041 | _aben | ||
| 082 |
_a954.92 _bBIS 2014 |
||
| 245 |
_aবিশ বছর পর / _cমুহম্মদ জাফর ইকবাল সম্পদিত |
||
| 260 |
_aঢাকা : _bঅনন্যা প্রকাশনী, _c২০১৪. |
||
| 300 |
_a142 p. : _bill. ; _c21 cm |
||
| 650 | _aHistory Of Bangladesh | ||
| 700 | _aইকবাল, মুহম্মদ জাফর | ||
| 942 |
_2ddc _cBK |
||